00905naa a22002057a 4500001001000000003000900010005001700019007000300036008003400039040005400073041000900127072000800136100001700144111010300161245010100264260003600365500013800401650002300539773013700562BR9212414BR-BrBNA20240918181639.0ta230509b bl.||||| |||| 00| 0 por d aBR-BrBNAbporcBiblioteca Nacional de Agricultura a(Pt) aT011 aLima, J.R.F.1 a1. Encontro Nacional sobre a Protecao e Melhoria do Meio AmbientecBrasilia, DF (Brazil)dJun 19751 aAs necessidades e aspiracoes do homem brasileiro face aos problemas da poluicao do meio ambiente3 aBrasilia, DF (Brasil): c1975.  aAnais do 1. Encontro Nacional sobre a Protecao e Melhoria do Meio Ambiente Brasilia, DF (Brasil): 1975. p. 357-366 (BR9212414-AM)T01  aPoluicao Ambiental0 tAnais do 1. Encontro Nacional sobre a Protecao e Melhoria do Meio AmbientebwT01 BR9212414gBrasilia, DF (Brasil), 1975. p. 357-366